00892naa a22002297a 4500001001000000003000900010005001700019007000300036008003400039040005400073041000900127072001400136100002100150245003700171246004100208246006000249260005200309500014500361650001400506650001200520773013000532BR8300194BR-BrBNA20240918175220.0ta230509b bl.||||| |||| 00| 0 por d aBR-BrBNAbporcBiblioteca Nacional de Agricultura a(Pt) aH00b38711 aLutzemberger, J.1 aA mafia dos pesticidas [toxidez]1 a[The mafia of pesticides [toxicity]]1 a[The use of pesticides and agronomic prescription book]3 aSao Paulo, SP (Brasil): bAgroedicoes, c1982.  aGraziano Neto, F. (ed.) Uso de agrotoxicos e receituario agronomico Sao Paulo, SP (Brasil): Agroedicoes, 1982. p. 187-194 (BR8300194-AM)H00  aPESTICIDA aTOXIDEZ0 tUso de agrotoxicos e receituario agronomicoaGraziano Neto, F. (ed.)wH00 BR8300194gSao Paulo, SP (Brasil), 1982. p. 187-194